000 01336nam a2200349Ia 4500
001 ebr10662913
003 CaPaEBR
006 m u
007 cr cn|||||||||
008 100106s2010 nyua sb 001 0 eng d
010 _z 2009052735
020 _z1616683058 (softcover)
020 _z9781611229295
020 _z9781616683054 (softcover)
040 _aCaPaEBR
_cCaPaEBR
035 _a(OCoLC)839302804
050 1 4 _aQD461
_b.N269 2010eb
082 0 4 _a541/.224
_222
100 1 _aNalewajski, R. F.
_q(Roman F.)
245 1 0 _aInformation origins of the chemical bond
_h[electronic resource] /
_cRoman F. Nalewajski.
260 _aNew York :
_bNova Science Publishers,
_cc2010.
300 _a196 p. :
_bill.
490 1 _aChemistry research and applications series
504 _aIncludes bibliographical references and index.
533 _aElectronic reproduction.
_bPalo Alto, Calif. :
_cebrary,
_d2013.
_nAvailable via World Wide Web.
_nAccess may be limited to ebrary affiliated libraries.
650 0 _aChemical bonds.
650 0 _aChemistry.
655 7 _aElectronic books.
_2local
710 2 _aebrary, Inc.
830 0 _aChemistry research and applications series.
856 4 0 _uhttp://site.ebrary.com/lib/rucke/Doc?id=10662913
_zAn electronic book accessible through the World Wide Web; click to view
999 _c68849
_d68849